DC Metro Station Architecture - Statistics

General Stats
  • This quiz has been taken 16 times
  • The average score is 60 of 91
Answer Stats
Hint Answer % Correct
Union Station Waffle
100%
Gallery Place-Chinatown Waffle
92%
Metro Center Waffle
92%
Farragut North Waffle
92%
Dupont Circle Waffle
92%
Judiciary Sq Waffle
83%
Grosvenor-Strathmore General Peak
75%
White Flint General Peak
75%
College Park-UMD General Peak
75%
Waterfront Waffle
75%
Navy Yard Waffle
75%
Stadium-Armory Waffle
75%
Potomac Ave Waffle
75%
Eastern Market Waffle
75%
Capitol South Waffle
75%
Federal Center SW Waffle
75%
L'Enfant Plaza Waffle
75%
Smithsonian Waffle
75%
Federal Triangle Waffle
75%
McPherson Sq Waffle
75%
Farragut West Waffle
75%
Foggy Bottom-GWU Waffle
75%
Rosslyn Waffle
75%
Court House Waffle
75%
Clarendon Waffle
75%
Virginia Sq-GMU Waffle
75%
Ballston Waffle
75%
Woodley Park-Zoo Arch I
67%
Cleveland Park Arch I
67%
Van Ness-UDC Arch I
67%
Tenleytown-AU Arch I
67%
Friendship Heights Arch I
67%
Bethesda Arch I
67%
Medical Center Arch I
67%
Glenmont Arch II
67%
Greensboro Gambrel
67%
Rockville General Peak
67%
Greenbelt General Peak
67%
Vienna-Fairfax General Peak
67%
Silver Spring Gull I
67%
Takoma Gull I
67%
Brookland-CUA Gull I
67%
Rhode Island Ave-Brentwood Gull I
67%
Twinbrook Gull I
67%
Shady Grove Gull I
67%
Fort Totten Gull I/Arch II
67%
NoMa-Gallaudet U Gull II
67%
Wheaton Twin Tube
67%
Forest Glen Twin Tube
67%
Arlington Cemetery Unique
67%
Archives-Navy Memorial Waffle
67%
Pentagon Waffle
67%
Pentagon City Waffle
67%
Crystal City Waffle
67%
King St-Old Town Alexandria Peak
58%
Georgia Ave-Petworth Arch II
58%
Columbia Heights Arch II
58%
Mt Vernon Sq Arch II
58%
Congress Heights Arch II
58%
Tysons Corner Gambrel
58%
Wiehle Ave Gambrel
58%
Naylor Rd General Peak
58%
Addison Rd General Peak
58%
East Falls Church General Peak
58%
West Falls Church General Peak
58%
Dunn Loring-Merrifield General Peak
58%
New Carrollton Gull I
58%
Landover Gull I
58%
Cheverly Gull I
58%
Deanwood Gull I
58%
Minnesota Ave Gull I
58%
Largo Town Center Gull II
58%
Morgan Boulevard Gull II
58%
Southern Ave High Peak
58%
Suitland High Peak
58%
Branch Ave High Peak
58%
Franconia-Springfield High Peak
58%
McLean Tysons Peak
58%
Spring Hill Tysons Peak
58%
Prince George's Plaza Unique
58%
West Hyattsville Unique
58%
Anacostia Unique
58%
U St Waffle
58%
Shaw-Howard U Waffle
58%
Capitol Heights Waffle
58%
Benning Rd Waffle
58%
Braddock Rd Alexandria Peak
50%
Ronald Reagan Washington National Airport Gull I
50%
Eisenhower Ave Gull I
50%
Van Dorn St Gull I
50%
Huntington Unique
50%
No matching quizzes found
Score Distribution
Percent of People with Each Score
Percentile by Number Answered
Your Score History
You have not taken this quiz